000 00648nam a2200193Ia 4500
003 LDD
008 190117s9999 xx 000 0 und d
020 _a9788126721450
_c₹450
040 _cLDD
041 _ahi
082 _a8U1.09 फै26फै
100 _aफैज
245 0 _aफैज की शायरी एक जुदा अन्दाज का जादू
_cफैज
260 _aनई दिल्ली
_bराजकमल प्रकाशन
_c2012
300 _a316पृ.
901 _aRAJ
904 _aReqst by : Rita Rani Paliwal
942 _2ddc
_cH
999 _c164384
_d164384